000 00588njm a2200181 i 4500
001 C2-0217757
003 PPAK
005 20180729152034.0
008 990707s1981 my |||| ||||| | may d
040 _aPPAK
_beng
_cPPAK
_erda
245 0 0 _aIslam di Kedah
264 1 _aAlor Setar, Kedah :
_bPerbadanan Perpustakaan Awam Kedah ,
_c1981
336 _2rdacontent
_atext
337 _2rdamedia
_aunmediated
338 _2rdacarrier
_avolume
500 _aDirakam pada 5/11/81 ; Temubual dengan Dato' Hj. Abd.Rahman Hj. Abdullah (Dato' Murshid DiRaja] ; Tiada transkripsi
942 _ddc
_cB
999 _c163057
_d163057